000 00559cab a2200205 4500
001 WB2609-16
008 090401t1990 xxu||||| |||| 00| 0 eng d
035 _a(Sirsi) u72235
041 _aeng
245 _aGreen stations planned
260 _c1990
350 _a0
490 _aIndependent
_v23/2/90 p22
520 _aNational Power is considering building more environmentally friendly gas power stations .
650 _aACID RAIN
650 _aGLOBAL WARMING
690 _aENVIRONMENTAL AND LAND CONSULTANCY
942 _n0
948 _c04/03/1997
999 _c45610
_d45610